[Event "×åìïèîíàò ÐÒ"]
[Site "ÐšÐ°Ð·Ð°Ð½ÑŒ"]
[Date "2022.12.11"]
[Round "4.2"]
[White "Ñàìóñåíêî, Ìàêñèì."]
[Black "×óïàõèí, Åâãåíèé."]
[Result "1-0"]
[WhiteElo "2461"]
[BlackElo "1945"]
[PlyCount "83"]
[EventDate "2022.12.09"]

1. d4 d5 2. Nf3 Nf6 3. Bf4 c5 4. e3 Nc6 5. c3 Qb6 6. Qc1 Bf5 7. Nbd2 Nh5 8.
dxc5 Qxc5 9. Bc7 Nd8 10. Be5 Nc6 11. Qd1 Nxe5 12. Nxe5 Nf6 13. Qa4+ Bd7 14.
Nxd7 Nxd7 15. Bb5 Rd8 16. Nb3 Qb6 17. e4 a6 18. Bxd7+ Rxd7 19. exd5 e6 20.
O-O-O e5 21. Rhe1 Bd6 22. f4 f6 23. Nd4 Kd8 24. Ne6+ Kc8 25. fxe5 Bxe5 26. Re4
Re7 27. h3 Bd6 28. c4 Kb8 29. Kb1 Rc8 30. Re2 Ka7 31. a3 Rc5 32. Ka2 Rc8 33.
Rc1 Be5 34. c5 Qb5 35. Qxb5 axb5 36. b4 Rd7 37. Rd1 b6 38. Kb3 Ka6 39. Rc2 g6
40. a4 h5 41. Ra2 g5 42. a5 1-0

[Event "×åìïèîíàò ÐÒ"]
[Site "ÐšÐ°Ð·Ð°Ð½ÑŒ"]
[Date "2022.12.11"]
[Round "4.4"]
[White "Íîâèêîâ, Ðîìàí."]
[Black "Çàêèðîâ, Ðóñëàí."]
[Result "1-0"]
[WhiteElo "2194"]
[BlackElo "1562"]
[PlyCount "51"]
[EventDate "2022.12.09"]

1. e4 c5 2. c3 Nf6 3. e5 Nd5 4. Nf3 d6 5. Bc4 Nb6 6. Bb3 Nc6 7. exd6 c4 8. Bc2
Qxd6 9. O-O Bg4 10. Re1 O-O-O 11. b3 Ne5 12. Rxe5 Bxf3 13. Qe1 Bc6 14. Na3 f6
15. Re2 cxb3 16. axb3 e5 17. Nc4 Nxc4 18. bxc4 Kb8 19. d4 exd4 20. cxd4 Qxd4
21. Be3 Qg4 22. f3 Bxf3 23. Rf2 Bc6 24. Bxa7+ Ka8 25. Bb6+ Kb8 26. Qa5 1-0

[Event "×åìïèîíàò ÐÒ"]
[Site "ÐšÐ°Ð·Ð°Ð½ÑŒ"]
[Date "2022.12.11"]
[Round "4.5"]
[White "Ãèëÿçåòäèíîâ, Íèêèòà."]
[Black "Ìèíãàòèí, Ìàðñ."]
[Result "1/2-1/2"]
[WhiteElo "2091"]
[BlackElo "1931"]
[PlyCount "105"]
[EventDate "2022.12.09"]

1. Nf3 Nf6 2. g3 b6 3. Bg2 Bb7 4. O-O e6 5. d3 Be7 6. e4 d6 7. c3 c5 8. Ne1 Qc7
9. Na3 O-O 10. f4 a6 11. f5 exf5 12. Rxf5 Nc6 13. Nc4 Bc8 14. Rf1 Bg4 15. Qc2
Be6 16. Ne3 Qd7 17. Nd5 Rab8 18. Nxe7+ Nxe7 19. Bg5 Ng4 20. Nf3 h6 21. Bd2 Ne5
22. Rae1 N7g6 23. b3 Bh3 24. d4 Nxf3+ 25. Rxf3 Bxg2 26. Kxg2 cxd4 27. cxd4 Rbc8
28. Qd3 a5 29. Ref1 Qg4 30. Re3 Rfe8 31. h3 Qd7 32. b4 Qa4 33. Qb3 Qxb3 34.
axb3 Rc2 35. Rf2 axb4 36. Bxb4 Rc1 37. Kf3 Rd8 38. Rc3 Rxc3+ 39. Bxc3 d5 40.
Bb4 Nf8 41. Bxf8 Kxf8 42. Rc2 Ke7 43. Rc7+ Ke6 44. e5 f6 45. Rc6+ Kd7 46. Rd6+
Kc7 47. Rxd8 Kxd8 48. Kf4 Ke7 49. Kf5 g6+ 50. Kf4 Ke6 51. exf6 Kxf6 52. g4 g5+
53. Ke3 1/2-1/2

[Event "×åìïèîíàò ÐÒ"]
[Site "ÐšÐ°Ð·Ð°Ð½ÑŒ"]
[Date "2022.12.11"]
[Round "4.6"]
[White "Øàõóðäèí, Òèìîôåé."]
[Black "Ãàëÿâèåâ, Ñàìàò."]
[Result "0-1"]
[WhiteElo "1600"]
[BlackElo "1957"]
[PlyCount "84"]
[EventDate "2022.12.09"]

1. e4 e6 2. d4 d5 3. Nc3 Nf6 4. e5 Nfd7 5. f4 c5 6. Nf3 Nc6 7. Be3 a6 8. Ne2
Qb6 9. Qc1 Be7 10. c3 f6 11. g3 O-O 12. Bh3 Kh8 13. O-O cxd4 14. cxd4 Na5 15.
b3 f5 16. Nc3 Qd8 17. Rf2 b5 18. Rc2 Bb7 19. Qb2 Nb6 20. Nd1 Nc6 21. Nf2 Nb4
22. Rc3 Rc8 23. Rac1 Rxc3 24. Rxc3 a5 25. a3 Na6 26. Nd3 Nd7 27. Bf1 Bxa3 28.
Qa2 Be7 29. Nc5 Ndxc5 30. dxc5 b4 31. Rc1 d4 32. Nxd4 Nxc5 33. Bg2 Bxg2 34.
Qxg2 Nxb3 35. Nxb3 Qd3 36. Bb6 Qxb3 37. Qb7 Bd8 38. Rc8 Bxb6+ 39. Kg2 Bd8 40.
Kh3 Qd1 41. Qb5 b3 42. Kg2 Qd5+ 0-1

[Event "×åìïèîíàò ÐÒ"]
[Site "ÐšÐ°Ð·Ð°Ð½ÑŒ"]
[Date "2022.12.11"]
[Round "4.7"]
[White "Êîâàëåâ, Êèðèë."]
[Black "Êèòîâ, Ìàòâåé."]
[Result "1-0"]
[WhiteElo "1982"]
[BlackElo "1510"]
[PlyCount "61"]
[EventDate "2022.12.09"]

1. e4 c5 2. Nf3 d6 3. d4 cxd4 4. Nxd4 Nf6 5. Nc3 a6 6. Be2 e6 7. Be3 Nbd7 8. a4
Be7 9. O-O O-O 10. a5 Nc5 11. f3 e5 12. Nb3 Bd7 13. Nxc5 dxc5 14. Nd5 Nxd5 15.
Qxd5 Bc6 16. Qxe5 Bf6 17. Qxc5 Bxb2 18. Rad1 Qf6 19. Rd6 Qc3 20. Rfd1 Qxc5 21.
Bxc5 Be5 22. Rxc6 bxc6 23. Bxf8 Kxf8 24. Rd7 Ke8 25. Rb7 Rd8 26. Bxa6 Ra8 27.
Bc4 Rxa5 28. Bxf7+ Kf8 29. Bb3 Ra1+ 30. Kf2 Bxh2 31. Rf7+ 1-0

[Event "×åìïèîíàò ÐÒ"]
[Site "ÐšÐ°Ð·Ð°Ð½ÑŒ"]
[Date "2022.12.11"]
[Round "4.1"]
[White "Íàñûðîâà, Åêàòåðèíà."]
[Black "Ìàðêåëîâà, Ëþáîâü."]
[Result "0-1"]
[WhiteElo "2106"]
[BlackElo "2125"]
[PlyCount "120"]
[EventDate "2022.12.09"]

1. d4 d5 2. c4 dxc4 3. e3 a6 4. Bxc4 e6 5. a4 Nf6 6. Nf3 c5 7. O-O Nc6 8. Qe2
Qc7 9. Nc3 Be7 10. Bd2 O-O 11. Rac1 Rd8 12. dxc5 Bxc5 13. Rfd1 Bd7 14. Na2 Qb6
15. b4 Be7 16. a5 Qa7 17. e4 Be8 18. Be3 Rxd1+ 19. Rxd1 Qb8 20. Bd2 Qc7 21. Bc3
Rd8 22. Rxd8 Qxd8 23. Nd2 Nd4 24. Qd3 Nb5 25. Bb2 Nd6 26. Bb3 Ndxe4 27. Qxd8
Bxd8 28. Nc4 Be7 29. Nb6 Bc6 30. f3 Nd2 31. Bc2 Nd5 32. Ba4 Bxa4 33. Nxa4 Nc4
34. Bc3 Nce3 35. Bd4 Nf5 36. Bc5 Bxc5+ 37. Nxc5 Nd6 38. Kf2 Kf8 39. g3 Ke7 40.
Nd3 Kd7 41. Ne5+ Kc7 42. f4 f6 43. Nf3 Nc4 44. Ke2 Kd6 45. Kd3 Nce3 46. Nc1 Nf5
47. Na2 h5 48. Ke4 Nfe7 49. Kd3 Nf5 50. Kc4 h4 51. Nd4 Nde3+ 52. Kd3 hxg3 53.
hxg3 Nxd4 54. Kxd4 Nf5+ 55. Kc4 Nxg3 56. Nc3 Kc6 57. b5+ axb5+ 58. Nxb5 Nf5 59.
Na7+ Kd7 60. Kc5 Nd6 0-1

[Event "×åìïèîíàò ÐÒ"]
[Site "ÐšÐ°Ð·Ð°Ð½ÑŒ"]
[Date "2022.12.11"]
[Round "4.2"]
[White "Íàãàåâà, Àëèÿ."]
[Black "Íèãìàòóëëèíà, Äèíà."]
[Result "1-0"]
[WhiteElo "1836"]
[BlackElo "1563"]
[PlyCount "91"]
[EventDate "2022.12.09"]

1. d4 Nf6 2. Nc3 g6 3. e4 d6 4. Bf4 Bg7 5. Qd2 O-O 6. O-O-O b6 7. Bh6 Bb7 8. f3
c5 9. Bxg7 Kxg7 10. g4 Qc8 11. Nge2 Nc6 12. g5 Nh5 13. Nd5 e5 14. dxc5 dxc5 15.
Ng3 Nf4 16. Nxf4 exf4 17. Ne2 Rd8 18. Qc3+ Kg8 19. Bg2 Nb4 20. Kb1 Qe6 21. b3
Qe7 22. Qf6 Qc7 23. Qxf4 Qc6 24. Qe5 Re8 25. Qb2 a5 26. a3 Na6 27. Bh3 Bc8 28.
Bxc8 Raxc8 29. c4 Nc7 30. a4 Ra8 31. Nc3 Qe6 32. h4 Red8 33. Qh2 Rxd1+ 34. Rxd1
Rc8 35. Qd6 Qh3 36. Qd7 Qxd7 37. Rxd7 Ne6 38. Nd5 Rb8 39. f4 Nd4 40. Kb2 Kg7
41. Nf6 h6 42. Ng4 h5 43. Ne5 Rf8 44. Rb7 Ne2 45. f5 gxf5 46. exf5 1-0

[Event "×åìïèîíàò ÐÒ"]
[Site "ÐšÐ°Ð·Ð°Ð½ÑŒ"]
[Date "2022.12.11"]
[Round "4.3"]
[White "Ìîêååâà, Çëàòà."]
[Black "Ìàëüöåâà, Åëèçàâåòà."]
[Result "1/2-1/2"]
[WhiteElo "1609"]
[BlackElo "1658"]
[PlyCount "118"]
[EventDate "2022.12.09"]

1. e4 d6 2. d4 g6 3. Nc3 Bg7 4. Be3 e6 5. Qd2 Nd7 6. h4 h5 7. f3 Bf6 8. Bf2 a6
9. O-O-O b5 10. f4 Be7 11. Nf3 Nh6 12. Bd3 Nb6 13. Rde1 Ng4 14. f5 Rg8 15. fxg6
fxg6 16. Bg3 Bb7 17. Rhf1 Qd7 18. Ne2 O-O-O 19. Nf4 e5 20. dxe5 Nxe5 21. Nxe5
dxe5 22. Nh3 Qe6 23. Kb1 Nc4 24. Qc3 Rd4 25. Re2 Qg4 26. Rfe1 b4 27. Qb3 Qxg3
28. Bxc4 Qxb3 29. axb3 Rf8 30. c3 bxc3 31. bxc3 Rd6 32. Ng5 Bxg5 33. hxg5 Rf4
34. Bd5 Bxd5 35. exd5 Rxd5 36. Rxe5 Rxe5 37. Rxe5 Rf1+ 38. Kc2 Rf2+ 39. Kd3
Rxg2 40. Kc4 Kb7 41. Kd4 h4 42. Re4 h3 43. Rh4 h2 44. Rh6 Kc8 45. Ke3 Kd7 46.
Kd3 Kc8 47. Rh7 Kb7 48. Rh6 c6 49. Rh7+ Kb6 50. Kc4 Rd2 51. Rh6 Rg2 52. Rh7
Rxg5 53. Rxh2 Rg1 54. Rh7 g5 55. Rg7 Rg4+ 56. Kd3 Rg3+ 57. Kc4 Rg2 58. Rg6 g4
59. b4 Rg3 1/2-1/2

[Event "×åìïèîíàò ÐÒ"]
[Site "ÐšÐ°Ð·Ð°Ð½ÑŒ"]
[Date "2022.12.12"]
[Round "5.1"]
[White "Ôàéçðàõìàíîâ, Ðàìèëü."]
[Black "Íîâèêîâ, Ðîìàí."]
[Result "1/2-1/2"]
[WhiteElo "2477"]
[BlackElo "2194"]
[PlyCount "65"]
[EventDate "2022.12.09"]

1. d4 Nf6 2. c4 e6 3. Nf3 d5 4. Nc3 c5 5. cxd5 cxd4 6. Qxd4 exd5 7. Bg5 Be7 8.
e3 O-O 9. Qa4 h6 10. Bh4 Nc6 11. Bb5 Be6 12. Rd1 Qb6 13. Bxf6 Bxf6 14. Nxd5
Bxd5 15. Rxd5 Bxb2 16. O-O Rac8 17. Rb1 Bf6 18. Bd3 Qc7 19. h4 Rfd8 20. Rxd8+
Rxd8 21. Qe4 Kf8 22. Bc4 b6 23. Bb5 Ne7 24. g3 Nd5 25. Qh7 g6 26. Qxh6+ Bg7 27.
Qg5 Nc3 28. Rb4 Rd5 29. Rc4 Rxg5 30. Rxc7 Rxb5 31. Ng5 a5 32. Rxf7+ Kg8 33. Rb7
1/2-1/2

[Event "×åìïèîíàò ÐÒ"]
[Site "ÐšÐ°Ð·Ð°Ð½ÑŒ"]
[Date "2022.12.12"]
[Round "5.2"]
[White "Îñïåííèêîâ, Äìèòðèé."]
[Black "Ñàìóñåíêî, Ìàêñèì."]
[Result "0-1"]
[WhiteElo "2279"]
[BlackElo "2461"]
[PlyCount "98"]
[EventDate "2022.12.09"]

1. c4 g6 2. Nc3 Bg7 3. g3 d6 4. Bg2 e5 5. e4 Nc6 6. Nge2 Nge7 7. d3 O-O 8. O-O
Nd4 9. Be3 a6 10. Qd2 Rb8 11. Bh6 c5 12. Bxg7 Kxg7 13. Rab1 b5 14. cxb5 axb5
15. b4 cxb4 16. Rxb4 Nec6 17. Rb2 b4 18. Nd5 Nxe2+ 19. Qxe2 Be6 20. f4 f6 21.
Qd2 Qa5 22. Rc1 Bxd5 23. exd5 Nd4 24. h3 Qa7 25. Qf2 Rfc8 26. Rf1 Qe7 27. Re1
Qd8 28. g4 Rc3 29. Be4 Qb6 30. fxe5 dxe5 31. Rf1 Rbc8 32. Rxb4 Nf3+ 33. Kg2
Qxb4 34. Qxf3 Qd6 35. h4 Rc1 36. Rf2 R8c2 37. a4 Rxf2+ 38. Qxf2 Qc5 39. Qxc5
Rxc5 40. d6 Kf7 41. h5 gxh5 42. gxh5 h6 43. Bf5 Rd5 44. d7 Ke7 45. Kg3 Rd4 46.
a5 Ra4 47. Be6 Rxa5 48. Kg4 Ra4+ 49. Kf5 Rd4 0-1

[Event "×åìïèîíàò ÐÒ"]
[Site "ÐšÐ°Ð·Ð°Ð½ÑŒ"]
[Date "2022.12.12"]
[Round "5.3"]
[White "Ãàëÿâèåâ, Ñàìàò."]
[Black "Øàðàôèåâ, Àçàò."]
[Result "1/2-1/2"]
[WhiteElo "1957"]
[BlackElo "2432"]
[PlyCount "125"]
[EventDate "2022.12.09"]

1. d4 Nf6 2. Nf3 g6 3. Bf4 Bg7 4. e3 d6 5. h3 O-O 6. Be2 c5 7. O-O Qb6 8. Nbd2
Be6 9. Qc1 Nh5 10. dxc5 Nxf4 11. exf4 Qxc5 12. Nb3 Qb6 13. Ng5 Bd7 14. c3 Nc6
15. Qe3 Qxe3 16. fxe3 Rac8 17. Bg4 Bxg4 18. hxg4 b5 19. a3 a5 20. Nd4 Nxd4 21.
cxd4 e5 22. Nf3 exf4 23. exf4 Rc2 24. Rf2 Rfc8 25. Re1 Kf8 26. Ree2 Rc1+ 27.
Rf1 Rxf1+ 28. Kxf1 Rc4 29. Rd2 Ke7 30. f5 gxf5 31. Nh4 fxg4 32. Nf5+ Kf8 33.
Ke2 d5 34. Kd3 Rc6 35. b4 a4 36. Rc2 Rxc2 37. Kxc2 h5 38. Kd3 Bf6 39. g3 Be7
40. Kd2 Bg5+ 41. Kd1 f6 42. Nd6 Be3 43. Nf5 Bg5 44. Nd6 Ke7 45. Nxb5 Be3 46.
Nc3 Bxd4 47. Nxd5+ Kf7 48. Nf4 Bb2 49. Nxh5 Bxa3 50. b5 Bc5 51. Kc2 Kg6 52.
Nf4+ Kf5 53. Kd3 Bf2 54. Nh5 Kg5 55. Ng7 Bxg3 56. b6 Be5 57. Ne6+ Kh4 58. Nf8
g3 59. Ng6+ Kh3 60. Nxe5 fxe5 61. b7 g2 62. b8=Q g1=Q 63. Qh8+ 1/2-1/2

[Event "×åìïèîíàò ÐÒ"]
[Site "ÐšÐ°Ð·Ð°Ð½ÑŒ"]
[Date "2022.12.12"]
[Round "5.4"]
[White "Ãîðèí, Àíäðåé."]
[Black "Ãèëÿçèòäèíîâ, Íèêèòà."]
[Result "1-0"]
[WhiteElo "1713"]
[BlackElo "2091"]
[PlyCount "35"]
[EventDate "2022.12.09"]

1. d4 Nf6 2. c4 c5 3. d5 b5 4. cxb5 a6 5. e3 g6 6. Nc3 axb5 7. Bxb5 Qb6 8. a4
Ba6 9. Ra3 Bg7 10. Rb3 Bxb5 11. Rxb5 Qc7 12. Nf3 O-O 13. O-O Ne8 14. e4 Nd6 15.
Bf4 e5 16. dxe6 Ra6 17. Nd5 Qa7 18. Bxd6 1-0

[Event "×åìïèîíàò ÐÒ"]
[Site "ÐšÐ°Ð·Ð°Ð½ÑŒ"]
[Date "2022.12.12"]
[Round "5.5"]
[White "Õðóñòîâ, Âÿ÷åñëàâ."]
[Black "Êîâàëåâ, Êèðèëë."]
[Result "0-1"]
[WhiteElo "1677"]
[BlackElo "1982"]
[PlyCount "106"]
[EventDate "2022.12.09"]

1. e4 e5 2. Nf3 Nc6 3. Bb5 a6 4. Ba4 Nf6 5. Nc3 b5 6. Bb3 Be7 7. d3 d6 8. a3
Bg4 9. Be3 O-O 10. h3 Be6 11. Nd5 Na5 12. Ba2 c5 13. b4 Bxd5 14. exd5 cxb4 15.
axb4 Nb7 16. Nd2 a5 17. bxa5 Qxa5 18. O-O Qc7 19. c4 bxc4 20. Bxc4 Nc5 21. f3
Nfd7 22. Ne4 f5 23. Nxc5 Nxc5 24. Qe2 Bf6 25. Rxa8 Rxa8 26. Rb1 e4 27. dxe4
fxe4 28. fxe4 Re8 29. Bxc5 Qxc5+ 30. Kh1 Qd4 31. Bd3 Be5 32. Rf1 h6 33. Qf3 Kh8
34. Bb5 Rd8 35. Qf5 Qe3 36. Bd7 Qg3 37. Kg1 Qh2+ 38. Kf2 Bd4+ 39. Kf3 Ra8 40.
Kg4 Qxg2+ 41. Kh5 Rg8 42. Qg6 Qxf1 43. Bf5 Qf3+ 44. Bg4 Qf6 45. Bf5 Qxg6+ 46.
Kxg6 Rf8 47. h4 Bf2 48. Kh5 Rxf5+ 49. exf5 Kh7 50. Kg4 Kg8 51. h5 Kf7 52. Kf3
Bd4 53. Ke4 Be5 0-1

[Event "×åìïèîíàò ÐÒ"]
[Site "ÐšÐ°Ð·Ð°Ð½ÑŒ"]
[Date "2022.12.12"]
[Round "5.7"]
[White "×óïàõèí, Åâãåíèé."]
[Black "Ìàãèçîâ, Òèìóð."]
[Result "1-0"]
[WhiteElo "1945"]
[BlackElo "1761"]
[PlyCount "58"]
[EventDate "2022.12.09"]

1. d4 d5 2. Bf4 c5 3. e3 e6 4. Nd2 Nf6 5. Ngf3 Nc6 6. c3 Bd6 7. Bxd6 Qxd6 8.
Bb5 Bd7 9. Bxc6 Bxc6 10. Ne5 b6 11. f4 Rb8 12. O-O Bd7 13. g4 g6 14. g5 Nh5 15.
Ndf3 Rb7 16. Ng4 Ke7 17. Nfe5 Rc8 18. Rf3 b5 19. Rh3 b4 20. Nf6 bxc3 21. bxc3
cxd4 22. exd4 Qa3 23. Nfxd7 Rxc3 24. Rxc3 Qxc3 25. Nc5 Qe3+ 26. Kh1 Rb2 27. Qg1
Qxf4 28. Rb1 Rxb1 29. Qxb1 Qxd4 1-0

[Event "×åìïèîíàò ÐÒ"]
[Site "ÐšÐ°Ð·Ð°Ð½ÑŒ"]
[Date "2022.12.12"]
[Round "5.1"]
[White "Ìàðêåëîâà, Ëþáîâü."]
[Black "Íóð-Ìóõàìåòîâà, Àëèñà."]
[Result "0-1"]
[WhiteElo "2125"]
[BlackElo "2176"]
[PlyCount "92"]
[EventDate "2022.12.09"]

1. e4 c5 2. Nf3 d6 3. d4 cxd4 4. Nxd4 Nf6 5. Nc3 a6 6. f3 e6 7. Be3 h5 8. Qd2
Nbd7 9. a4 b6 10. Bd3 Bb7 11. O-O Be7 12. Rae1 d5 13. exd5 Nxd5 14. Nxd5 Bxd5
15. c4 Bb7 16. Qc2 O-O 17. Rd1 Qc7 18. Qe2 Bd6 19. Kh1 Ne5 20. Bb1 Qxc4 21. Qf2
Be7 22. Rc1 Qb4 23. Bd2 Qd6 24. Bc3 Bd5 25. Rfe1 Bf6 26. Rcd1 Rfd8 27. Nc2 Nd7
28. Bxf6 Nxf6 29. Ne3 Qb4 30. Nxd5 Rxd5 31. Rxd5 Nxd5 32. Be4 Rd8 33. Rc1 Nf6
34. Bb1 Qxa4 35. Qxb6 Rd1+ 36. Rxd1 Qxd1+ 37. Qg1 Qxg1+ 38. Kxg1 Kf8 39. Kf2
Ke7 40. Ke3 Kd6 41. Kd4 Nd5 42. g3 e5+ 43. Ke4 g6 44. g4 Nf6+ 45. Ke3 hxg4 46.
Ba2 Nd5+ 0-1

[Event "×åìïèîíàò ÐÒ"]
[Site "ÐšÐ°Ð·Ð°Ð½ÑŒ"]
[Date "2022.12.12"]
[Round "5.2"]
[White "Íàãàåâà, Àëèÿ."]
[Black "Íàñûðîâà, Åêàòåðèíà."]
[Result "1/2-1/2"]
[WhiteElo "1836"]
[BlackElo "2106"]
[PlyCount "147"]
[EventDate "2022.12.09"]

1. d4 d5 2. Nc3 Nf6 3. Bf4 Bf5 4. e3 c6 5. h3 Nbd7 6. g4 Bg6 7. h4 h5 8. g5 Ne4
9. Nxe4 dxe4 10. c3 Qb6 11. Qb3 f6 12. Bc4 Qxb3 13. Bxb3 e5 14. Bg3 Bd6 15.
gxf6 gxf6 16. Ne2 Ke7 17. O-O-O Bf5 18. Rd2 a5 19. Bc2 Be6 20. Rhd1 Rad8 21.
Bxe4 Bxa2 22. f4 exf4 23. Nxf4 Bxf4 24. Bxf4 Bd5 25. Bd3 Rdg8 26. c4 Be6 27. c5
Rg4 28. Bd6+ Kd8 29. Rh2 b6 30. Be2 Rgg8 31. Bf3 Bg4 32. Rf1 Bxf3 33. Rxf3 bxc5
34. dxc5 Rg1+ 35. Kc2 Rhg8 36. Rf5 Rh8 37. Rf4 Re8 38. Ra4 Rxe3 39. Rxa5 Ne5
40. Ra8+ Kd7 41. Rh8 Nf3 42. Rh7+ Ke6 43. Re7+ Kf5 44. Rxe3 Nxh2 45. Rh3 Ng4
46. Rf3+ Ke6 47. Ra3 Rh1 48. b4 Rxh4 49. Rc3 Ne5 50. Kb3 Rh1 51. Bxe5 Kxe5 52.
Kc2 Rg1 53. Rh3 Rg5 54. Kc3 Ke6 55. Rd3 Rd5 56. Rh3 Kd7 57. Rf3 Ke7 58. Rh3 Rg5
59. Re3+ Kf7 60. Rh3 Kg6 61. Kb3 Rg1 62. Kb2 Rg5 63. Rc3 Kf7 64. Rh3 f5 65. Rh4
Ke7 66. Kb3 Ke6 67. Ka4 Kd5 68. Ka5 Ke5 69. b5 cxb5 70. c6 Rg8 71. c7 Rc8 72.
Kb6 f4 73. Rxh5+ Ke4 74. Rxb5 1/2-1/2

[Event "×åìïèîíàò ÐÒ"]
[Site "ÐšÐ°Ð·Ð°Ð½ÑŒ"]
[Date "2022.12.12"]
[Round "5.3"]
[White "Àëèøåâà, Àéãóëü."]
[Black "Ìîêååâà, Çëàòà."]
[Result "0-1"]
[WhiteElo "1235"]
[BlackElo "1609"]
[PlyCount "68"]
[EventDate "2022.12.09"]

1. d4 d5 2. Nf3 Nf6 3. c4 dxc4 4. g3 Nc6 5. Bg2 e5 6. Nxe5 Nxe5 7. dxe5 Qxd1+
8. Kxd1 Ng4 9. Ke1 Nxe5 10. f4 Nc6 11. Bxc6+ bxc6 12. e4 Bc5 13. Ke2 Bg4+ 14.
Kd2 O-O-O+ 15. Kc3 Bd4+ 16. Kb4 Bf3 17. Re1 c5+ 18. Ka3 Rd6 19. Nc3 Ra6+ 20.
Na4 f5 21. Be3 fxe4 22. Rac1 Bxb2+ 23. Kxb2 Rxa4 24. Bxc5 Rd8 25. Rc2 Rd5 26.
Bf8 g6 27. Rec1 e3 28. Rxc4 Rxc4 29. Rxc4 e2 30. Rc1 Rd2+ 31. Kb1 Be4+ 32. Ka1
Rd1 33. Kb2 Rxc1 34. Kxc1 e1=Q+ 0-1

[Event "×åìïèîíàò ÐÒ"]
[Site "ÐšÐ°Ð·Ð°Ð½ÑŒ"]
[Date "2022.12.13"]
[Round "6.4"]
[White "Êîâàëåâ, Êèðèëë."]
[Black "Ãîðèí, Àíäðåé."]
[Result "0-1"]
[WhiteElo "1982"]
[BlackElo "1713"]
[PlyCount "101"]
[EventDate "2022.12.09"]

1. e4 d6 2. d4 Nf6 3. Nc3 g6 4. h3 Bg7 5. Nf3 c6 6. Be3 Qc7 7. Qd2 Nbd7 8. Bh6
O-O 9. Bxg7 Kxg7 10. g4 e5 11. Be2 b5 12. a3 Bb7 13. O-O-O Rad8 14. Nh2 c5 15.
Nxb5 Qb6 16. dxc5 Nxc5 17. f3 d5 18. g5 Nh5 19. exd5 Rxd5 20. Qe3 Re8 21. b4
Nd3+ 22. Rxd3 Qxb5 23. Rc3 Qd7 24. Ng4 Qe7 25. Rd1 Nf4 26. Nf6 Rxd1+ 27. Bxd1
Rd8 28. Rc5 Qd6 29. Qxe5 Qxd1+ 30. Kb2 Qd4+ 31. Qxd4 Rxd4 32. Rc7 Nxh3 33. Rxb7
Nxg5 34. Ne8+ Kf8 35. Nc7 h5 36. Rxa7 h4 37. b5 h3 38. Ra8+ Ke7 39. b6 Rd6 40.
Ka2 h2 41. Rh8 Kd7 42. b7 Rb6 43. Na6 Nxf3 44. b8=Q Rxb8 45. Nxb8+ Kd6 46. a4
g5 47. a5 Nh4 48. Rd8+ Kc7 49. Rd1 Kxb8 50. Kb3 g4 51. Kc4 0-1

[Event "×åìïèîíàò ÐÒ"]
[Site "ÐšÐ°Ð·Ð°Ð½ÑŒ"]
[Date "2022.12.13"]
[Round "6.5"]
[White "Õèñìàòîâ, Íóðëàí."]
[Black "Îñïåííèêîâ, Äìèòðèé."]
[Result "1-0"]
[WhiteElo "1587"]
[BlackElo "2279"]
[PlyCount "79"]
[EventDate "2022.12.09"]

1. d4 Nf6 2. c4 e6 3. g3 d5 4. Nf3 Be7 5. Bg2 O-O 6. O-O dxc4 7. Qc2 a6 8. a4
Bd7 9. Qxc4 Bc6 10. Bf4 a5 11. Nc3 Na6 12. Rfe1 Bxf3 13. Bxf3 c6 14. Rad1 Qb6
15. e4 Nb4 16. Rd2 Rac8 17. Red1 Rfd8 18. Qe2 Re8 19. Be3 Qc7 20. Bf4 Qd7 21.
h4 h6 22. Qe3 Nh7 23. Qe2 Nf6 24. Qe3 Bf8 25. g4 Nh7 26. g5 hxg5 27. hxg5 Be7
28. Bg4 Qd8 29. g6 Nf6 30. Bh3 Bf8 31. gxf7+ Kxf7 32. Qf3 Kg8 33. Bg5 Qc7 34.
d5 cxd5 35. Bxf6 gxf6 36. exd5 Rcd8 37. Bxe6+ Kh8 38. Rd4 Bh6 39. Rh4 Qg7+ 40.
Kh1 1-0

[Event "×åìïèîíàò ÐÒ"]
[Site "ÐšÐ°Ð·Ð°Ð½ÑŒ"]
[Date "2022.12.13"]
[Round "6.6"]
[White "Ìèíõàéäàðîâ, Ðóñëàí."]
[Black "×óïàõèí, Åâãåíèé."]
[Result "0-1"]
[WhiteElo "1501"]
[BlackElo "1945"]
[PlyCount "110"]
[EventDate "2022.12.09"]

1. e4 Nc6 2. d4 e5 3. dxe5 Nxe5 4. Nc3 Bc5 5. Bf4 Ng6 6. Bg3 h5 7. h4 d6 8. Qd2
Nf6 9. f3 Be6 10. Nge2 d5 11. e5 Nd7 12. f4 c6 13. Nd4 Bxd4 14. Qxd4 Ne7 15.
Qd2 Bg4 16. Bf2 Nf8 17. Bd3 Ne6 18. Ne2 a5 19. Ng3 g6 20. a4 Ng7 21. Bc5 b6 22.
Bxe7 Qxe7 23. Qf2 Qc5 24. Rf1 O-O-O 25. Qxc5 bxc5 26. c3 Rhe8 27. Kf2 c4 28.
Be2 Bxe2 29. Nxe2 Kd7 30. Nd4 c5 31. Nb5 Nf5 32. Rfd1 Kc6 33. g3 d4 34. cxd4
cxd4 35. Rac1 Kc5 36. Rd2 Kb4 37. Rdc2 Kxa4 38. Nc7 Ne3 39. Nxe8 Nxc2 40. Nd6
d3 41. Nxc4 Kb3 42. Nxa5+ Kxb2 43. Rd1 Kc3 44. Nb7 Rd5 45. Nd6 f5 46. Nf7 Nd4
47. Ke3 Ne6 48. Rc1+ Kb2 49. Rd1 Kc2 50. Rd2+ Kc3 51. Nd6 Nc7 52. Nf7 Rd4 53.
Ra2 Re4+ 54. Kf2 d2 55. Ra3+ Kb2 0-1

[Event "×åìïìîíâè ÐÒ"]
[Site "ÐšÐ°Ð·Ð°Ð½ÑŒ"]
[Date "2022.12.13"]
[Round "6.7"]
[White "Ðîìàíîâ, Ñåðãåé."]
[Black "Âîëûíåö, Áîãäàí."]
[Result "1/2-1/2"]
[WhiteElo "2108"]
[BlackElo "1775"]
[PlyCount "112"]
[EventDate "2022.12.09"]

1. d4 d5 2. Bg5 Nf6 3. Bxf6 exf6 4. c4 dxc4 5. e3 Bd6 6. Bxc4 O-O 7. Nc3 f5 8.
Qf3 Nd7 9. Nge2 Nf6 10. h4 c6 11. h5 Qe7 12. Bd3 g6 13. hxg6 fxg6 14. O-O-O Be6
15. Nf4 Bf7 16. Nh3 Bb4 17. Qe2 Bxc3 18. bxc3 Qa3+ 19. Qb2 Qxa2 20. Ng5 Qxb2+
21. Kxb2 Kg7 22. f3 h6 23. Nh3 Rfe8 24. Rhe1 b5 25. e4 fxe4 26. fxe4 a5 27. Nf2
b4 28. c4 c5 29. d5 Nd7 30. Ng4 h5 31. Nf2 Ne5 32. Bf1 a4 33. Rc1 a3+ 34. Ka2
Reb8 35. Re3 Be8 36. Be2 Ba4 37. Bd1 Bxd1 38. Nxd1 Nxc4 39. Rxc4 b3+ 40. Rxb3
Rxb3 41. Kxb3 a2 42. Rc1 a1=Q 43. Rxa1 Rxa1 44. Nf2 Re1 45. Kc4 Re2 46. Nd3
Rxe4+ 47. Kxc5 Kf8 48. d6 Ke8 49. Kd5 Re2 50. Nf4 Rd2+ 51. Ke6 g5 52. Nxh5 Re2+
53. Kf5 Rxg2 54. Nf6+ Kd8 55. Ng4 Kd7 56. Kxg5 Kxd6 1/2-1/2

[Event "×åìïèîíàò ÐÒ"]
[Site "ÐšÐ°Ð·Ð°Ð½ÑŒ"]
[Date "2022.12.13"]
[Round "6.3"]
[White "Íîâèêîâ, Ðîìàí."]
[Black "Ãàëÿâèåâ, Ñàìàò."]
[Result "1/2-1/2"]
[WhiteElo "2194"]
[BlackElo "1957"]
[PlyCount "55"]
[EventDate "2022.12.09"]
[SourceDate "2022.12.13"]

1. e4 e6 2. d4 d5 3. Nd2 c5 4. exd5 exd5 5. Ngf3 Nf6 6. Bb5+ Bd7 7. Bxd7+ Nbxd7
8. O-O Be7 9. dxc5 Nxc5 10. Nb3 Nce4 11. Be3 O-O 12. c3 Re8 13. Qd3 Bf8 14.
Rad1 Qd7 15. h3 Qa4 16. Nc1 Rac8 17. Nd4 a6 18. Rfe1 h6 19. Qe2 b5 20. Qf3 g6
21. Ndb3 b4 22. cxb4 Qxb4 23. Re2 Bg7 24. Bd4 Ng5 25. Qd3 Qc4 26. Rde1 Rxe2 27.
Rxe2 Ne6 28. Be5 1/2-1/2

[Event "×åìïèîíàò ÐÒ"]
[Site "ÐšÐ°Ð·Ð°Ð½ÑŒ"]
[Date "2022.12.13"]
[Round "6.1"]
[White "Íóð-Ìóõàìåòîâà, Àëèñà."]
[Black "Íàñûðîâà, Åêàòåðèíà."]
[Result "1-0"]
[WhiteElo "2176"]
[BlackElo "2106"]
[PlyCount "95"]
[EventDate "2022.12.09"]

1. d4 d5 2. c4 dxc4 3. Nf3 a6 4. e3 Bg4 5. Bxc4 e6 6. h3 Bh5 7. O-O Nf6 8. Nc3
Nc6 9. Be2 Bd6 10. Nh4 Bxe2 11. Qxe2 O-O 12. Rd1 Nd5 13. Nf3 f5 14. e4 Nf4 15.
Bxf4 Bxf4 16. exf5 Rxf5 17. Qxe6+ Rf7 18. d5 Qe7 19. Re1 Qxe6 20. dxe6 Rff8 21.
Rad1 Rae8 22. Nd5 Bd6 23. a3 Rf5 24. Re3 Ne7 25. Nxe7+ Rxe7 26. g4 Rf4 27. Kg2
g6 28. Rde1 Kg7 29. Ng5 Rd4 30. Nf7 Bf4 31. Re4 Rxe4 32. Rxe4 g5 33. h4 h6 34.
Nd8 c5 35. Nxb7 Bc1 36. Nxc5 Bxb2 37. a4 a5 38. hxg5 hxg5 39. Kf3 Bc3 40. Nd7
Re8 41. Nb6 Bb4 42. Nd5 Bd6 43. e7 Kf7 44. Ke2 Rb8 45. Kd3 Rc8 46. f3 Rb8 47.
Kc4 Rc8+ 48. Kb5 1-0

[Event "×åìïèîíàò ÐÒ"]
[Site "ÐšÐ°Ð·Ð°Ð½ÑŒ"]
[Date "2022.12.13"]
[Round "6.2"]
[White "Ìîêååâà, Çëàòà."]
[Black "Íàãàåâà, Àëèÿ."]
[Result "1/2-1/2"]
[WhiteElo "1609"]
[BlackElo "1836"]
[PlyCount "88"]
[EventDate "2022.12.09"]

1. e4 c6 2. d4 d5 3. exd5 cxd5 4. Bd3 Nc6 5. c3 Qc7 6. h3 Nf6 7. Nf3 g6 8. O-O
Bf5 9. Re1 Bxd3 10. Qxd3 Bg7 11. Ne5 Qb6 12. Nd2 e6 13. Ndf3 Ne4 14. Qe2 Nxe5
15. Nxe5 Rd8 16. a4 a5 17. Bf4 O-O 18. Qb5 Qxb5 19. axb5 g5 20. Bh2 b6 21. c4
Bxe5 22. Bxe5 Rc8 23. Rac1 f6 24. Bh2 Kf7 25. cxd5 exd5 26. Bc7 Rfe8 27. Bxb6
Rb8 28. Rc6 Re7 29. Re2 Reb7 30. Bxa5 Rxb5 31. b4 f5 32. f3 Ng3 33. Rc7+ Kf6
34. Rec2 Re8 35. Kf2 Nh1+ 36. Kg1 Ng3 37. Kf2 Nh1+ 38. Kf1 Ng3+ 39. Kf2 Nh1+
40. Kg1 Ng3 41. R2c6+ Re6 42. Rxe6+ Kxe6 43. Kf2 f4 44. Rc6+ Kf7 1/2-1/2

[Event "×åìïèîíàò ÐÒ"]
[Site "ÐšÐ°Ð·Ð°Ð½ÑŒ"]
[Date "2022.12.13"]
[Round "6.3"]
[White "Ìàëüöåâà, Åëèçàâåòà."]
[Black "Ìàðêåëîâà, Ëþáîâü."]
[Result "1-0"]
[WhiteElo "1658"]
[BlackElo "2125"]
[PlyCount "87"]
[EventDate "2022.12.09"]

1. d4 d5 2. c4 dxc4 3. e4 e5 4. Nf3 exd4 5. Bxc4 Nc6 6. O-O Be6 7. Bb5 Bc5 8.
b4 Bb6 9. Bb2 Qd6 10. a4 a6 11. Bxc6+ bxc6 12. a5 Ba7 13. Qd3 Ne7 14. Ba3 O-O
15. Rc1 Ng6 16. Qxa6 Ne5 17. Nxe5 Qxe5 18. Nd2 Qf4 19. Qd3 f5 20. e5 Qxe5 21.
Rxc6 Bd5 22. Rcc1 Rae8 23. b5 Rf6 24. Nf1 Rg6 25. g3 Kh8 26. Bc5 Be4 27. Qa3
Bxc5 28. Rxc5 Bd5 29. Qd3 f4 30. Rd1 fxg3 31. fxg3 Rg4 32. b6 cxb6 33. axb6 Re4
34. Rd2 Qd6 35. Qb5 Bb7 36. Rc7 Rf8 37. Rxb7 d3 38. Qxd3 Qc5+ 39. Kg2 Qc6 40.
Qd5 Re2+ 41. Kg1 Qf6 42. Rf7 Qxb6+ 43. Qd4 Qxd4+ 44. Rxd4 1-0